000 00755nam a2200241Ia 4500
003 OSt
005 20220918203227.0
006 a|||||r|||| 00| 0
007 ta
008 220917b |||||||| |||| 00| 0 eng d
024 _a106,920
037 _cTextual
040 _aARTS
_cARTS
_beng
041 _2eng
_aeng
082 _aV3:8-2.K3, L2.1
100 _aStephenson Carl Ed.
_9107467
245 0 _aSources of English constitutional history
_b a selection of documents from A D 600
260 _aNew York
_bHarper and Row
_c1972
650 _aHISTORY
700 _a Marcham Frederick George Ed.
_9107468
942 _hV3:8-2.K3, L2.1
_cTEXL
_2CC
999 _c230278
_d230278